1048 1783 1387 2000 1207 1824 1415 1200 1904 1475 1624 1701 1127 1113 1800 1799 1576 1367 1761 1420 1842 1761 1008 1592 1536 1119 1465 1421 1465 1817 1234 1112 1197 1774 1846 1927 1438 1944 1648 1359 1603 1343 1298 1659 1298 1028 1091 1343 1620 1247 1311 1151 1861 1195 1631 1692 1033 1300 1800 1096 1435 1631 1265 1815 1091 1350 1235 1151 1597 1604 1902 1460 1332 1268 1720 1230 1488 1682 1834 1639 1559 1327 1490 1890 1826 1314 1791 1663 1536 1254 1295 1411 1344 1537 1590 1103 1164 1943 1910 BCNSPRNW ULIB Ver.6.0+V

เปลี่ยนเป็นภาษาไทย

Change to English
 แสดงรายละเอียดบรรณานุกรม
  กลับหน้าหลัก

Brief Record : Get Marc (ISO 2709) : E-mail record : QR code < ปิดหน้าต่าง
LEADER : 00000nam 2200000uu 4500
001    13399124326
003     ULIB
008    020711s2557 th a 000 0 tha d
099    วจ.TK5105^bว226ร
100    วราพร วันไชยวงศ์
245    รายงานวิจัยการสำรวจการใช้อินเตอร์เน็ตและการติดอินเตอร์เน็ตของนักศึกษา วิทยาลัยพยาบาลบรมราชชนนี เชียงใหม่/^cวราพร วันไชยวงศ์,เกศราภรณ์ ชูพันธ์,นางสุพิมล ขอผล,วรรณภา พิพัฒน์ธนวงศ์,ธณัชช์นรี สโรบล
260    เชียงใหม่ :^bวิทยาลัยพยาบาลบรมราชชนนี เชียงใหม่,^c2557
300    34 หน้า
650    การใช้อินเตอร์เน็ต^xการสำรวจ^yวิจัย
700    เกศราภรณ์ ชูพันธ์
700    นางสุพิมล ขอผล
700    วรรณภา พิพัฒน์ธนวงศ์
700    ธณัชช์นรี สโรบล
710    วิทยาลัยพยาบาลบรมราชชนนี เชียงใหม่
945    ^p0^l0^i039311
รายการนี้ยังไม่มีแท็ก
คุณยังไม่ได้ล็อกอิน คุณสามารถมีกิจกรรมร่วมกับเว็บไซต์ได้ แต่ต้องล็อกอินก่อน ::
  ล็อกอิน

รายการสื่อสารสนเทศ

ลำดับที่ ประเภท เลขเรียก/บาร์โค้ด สถานที่ สถานะ
1. งานวิจัย
งานวิจัย
วจ.TK5105 ว226ร ฉ.1 
  Barcode: 039311
ห้องสมุดวิทยาเขตสวรรค์ประชารักษ์
►วิจัย
บนชั้น

BibComment


ยังไม่เคยถูกคอมเมนท์

คอมเมนท์ทรัพยากรรายการนี้
  คอมเมนท์: รายงานวิจัยการสำร..


 Copyright 2026. Bcnsprnw @Library